000 00543nam a2200145Ia 4500
999 _c27107
_d27107
041 _aEnglish
082 _aRR.0298
100 _aRavichandran, K.
_uThe Gandhigram Rural Institute
245 2 _aA study on the role of PACS in ensuring access to institutional credit to rural women through SHGs in Tamil Nadu /
_cK. Ravichandran
260 _aNew Delhi :
_bIndian Council of Social Science Research,
_c2017
300 _av.p. ;
650 _aInstitutional credit to rural women
_zIndia
_zTamil Nadu
650 _aRole of PACS
942 _2ddc
_cBK